Промышленность и рабочий класс Украинской ССР 1946 - 1950: сборник документов и материалов

গ্রন্থ-পঞ্জীর বিবরন
সংস্থা লেখক: Институт марксизма-ленинизма Институт истории партии при ЦК Компартии Украины, Академия наук Украинской ССР Институт истории
অন্যান্য লেখক: Василенко В. Б. (составитель), Романцов В. Е. (редактор)
ভাষা:রুশ
প্রকাশিত: Киев, Наукова думка, 1980
বিষয়গুলি:
বিন্যাস: গ্রন্থ
KOHA link:https://koha.lib.tpu.ru/cgi-bin/koha/opac-detail.pl?biblionumber=134121

MARC

LEADER 00000nam0a2200000 4500
001 134121
005 20231101220453.0
035 |a (RuTPU)RU\TPU\book\145371 
090 |a 134121 
100 |a 20080326d1980 km y0rusy50 ca 
101 0 |a rus 
102 |a UA 
105 |a a z 001zy 
200 1 |a Промышленность и рабочий класс Украинской ССР 1946 - 1950  |e сборник документов и материалов  |f Институт марксизма-ленинизма, Институт истории партии при ЦК Компартии Украины ; Академия наук Украинской ССР, Институт истории ; сост. В. Б. Василенко ; под ред. В. Е. Романцова 
210 |a Киев  |c Наукова думка  |d 1980 
215 |a 556 с.  |c ил. 
320 |9 572  |a Примечания: с. 507-518 
320 |9 572  |a Указ.: с. 521-538 
606 1 |a Украина  |x Промышленность  |2 stltpush  |3 (RuTPU)RU\TPU\subj\37147  |9 58277 
610 1 |a экономическая история 
610 1 |a рабочий класс 
610 1 |a Украинская ССР 
610 1 |a документы 
610 1 |a материалы 
610 1 |a пятилетний план 
610 1 |a законодательство 
610 1 |a восстановление 
610 1 |a народное хозяйство 
686 |a У9(4Ук)  |2 rubbk 
702 1 |a Василенко  |b В. Б.  |4 220 
702 1 |a Романцов  |b В. Е.  |4 340 
712 0 2 |a Институт марксизма-ленинизма  |b Институт истории партии при ЦК Компартии Украины  |c (Киев)  |2 stltpush  |3 (RuTPU)RU\TPU\col\20391  |9 27730 
712 0 2 |a Академия наук Украинской ССР  |b Институт истории  |c (Киев)  |2 stltpush  |3 (RuTPU)RU\TPU\col\18343  |9 26997 
801 1 |a RU  |b 63413507  |c 20080228  |g PSBO 
801 2 |a RU  |b 63413507  |c 20210420  |g PSBO 
942 |c BK